[Event "Bad Godesberg op 15th"]
[Site "Bad Godesberg"]
[Date "2011.07.27"]
[Round "5"]
[White "Schlueter, Hilmar"]
[Black "Nett, Manfred"]
[Result "1/2-1/2"]
[WhiteElo "1354"]
[BlackElo "1416"]
[PlyCount "63"]
[EventDate "2011.07.23"]
[EventType "swiss"]
[EventRounds "9"]
[EventCountry "GER"]
[SourceTitle "EXT 2017"]
[Source "ChessBase"]
[SourceDate "2016.10.25"]
[SourceVersion "1"]
[SourceVersionDate "2016.10.25"]
[SourceQuality "1"]

1. c4 c5 2. Nc3 Nf6 3. e3 e6 4. Nf3 d5 5. d4 Nc6 6. b3 Bd7 7. Bb2 b6 8. Be2 Be7 9. 0-0 0-0 10. Bd3 Bd6 11. Ne2 Re8 12. Ne5 Re7 13. Ng3 Ne8 14. f4 f6 15. Nxd7 Qxd7 16. Qh5 g6 17. Qg4 f5 18. Qe2 Rf7 19. a3 Nf6 20. Qe1 Re8 21. h3 Ne4 22. Bxe4 dxe4 23. Qc3 cxd4 24. exd4 Nxd4 25. b4 e5 26. Rad1 Rg7 27. fxe5 Bxe5 28. Rxd4 Bxd4+ 29. Qxd4 Qxd4+ 30. Bxd4 Rd7 31. Ne2 e3 32. Rf3 1/2-1/2

[Event "Bad Godesberg op 15th"]
[Site "Bad Godesberg"]
[Date "2011.07.26"]
[Round "4"]
[White "Nett, Manfred"]
[Black "Auschkalnis, Reinhard"]
[Result "0-1"]
[WhiteElo "1416"]
[BlackElo "1577"]
[PlyCount "78"]
[EventDate "2011.07.23"]
[EventType "swiss"]
[EventRounds "9"]
[EventCountry "GER"]
[SourceTitle "EXT 2017"]
[Source "ChessBase"]
[SourceDate "2016.10.25"]
[SourceVersion "1"]
[SourceVersionDate "2016.10.25"]
[SourceQuality "1"]

1. d4 Nf6 2. c4 e6 3. Nf3 c5 4. e3 d6 5. Bd3 Be7 6. 0-0 0-0 7. Nc3 b6 8. Qe2 Bb7 9. e4 cxd4 10. Nxd4 Nc6 11. Nf3 Rc8 12. Rd1 Qe8 13. e5 dxe5 14. Nxe5 Nxe5 15. Qxe5 Qc6 16. f3 Bd6 17. Qe2 Bb8 18. Bg5 Qc5+ 19. Be3 Qh5 20. h3 Qh4 21. Qf2 Qh5 22. Be2 Qe5 23. f4 Qc7 24. Nb5 Qe7 25. b3 Ne4 26. Qe1 e5 27. f5 Nc5 28. Bg4 Rcd8 29. Qe2 e4 30. Rf1 f6 31. Nd4 Rxd4 32. Bxd4 Qd6 33. g3 Qxd4+ 34. Kh2 Qe5 35. Qe3 Rd8 36. Rad1 Bd6 37. Rf2 Nd3 38. Rfd2 Nb2 39. Re1 Qxg3+ 0-1

[Event "Troisdorf op"]
[Site "Troisdorf"]
[Date "2003.11.18"]
[Round "4"]
[White "Nett, Manfred"]
[Black "Froehling, Ewald"]
[Result "1-0"]
[WhiteElo "1507"]
[BlackElo "1464"]
[PlyCount "75"]
[EventDate "2003.10.14"]
[EventType "swiss"]
[EventRounds "7"]
[EventCountry "GER"]
[SourceTitle "EXT 2005"]
[Source "ChessBase"]
[SourceDate "2004.11.15"]
[SourceVersion "1"]
[SourceVersionDate "2004.11.15"]
[SourceQuality "1"]

1. d4 d5 2. c4 dxc4 3. Nf3 Nf6 4. Nc3 e6 5. e3 c5 6. Bxc4 cxd4 7. Nxd4 Bc5 8. Nb3 Qxd1+ 9. Nxd1 Bd6 10. Bd2 Ng4 11. Be2 Nf6 12. Nc3 a6 13. f4 Bd7 14. e4 e5 15. 0-0 0-0 16. Na5 b6 17. Nc4 Bc7 18. fxe5 Ne8 19. Nd5 Nc6 20. Nxc7 Nxc7 21. Nxb6 Rad8 22. Bg5 f6 23. exf6 Rf7 24. fxg7 Rxg7 25. Bxd8 Bh3 26. Rf2 Nxd8 27. Rd1 Nde6 28. Bc4 h6 29. Nd5 Bg4 30. Nf6+ Kh8 31. Nxg4 Rxg4 32. Bxe6 Nxe6 33. Rd6 Rxe4 34. Rf6 Nd4 35. Rd7 Re1+ 36. Kf2 Re2+ 37. Kg3 Re3+ 38. Kf4 1-0